000 00334pab a2200145 454500
008 180718b1985 xxu||||| |||| 00| 0 eng d
100 _aBhatia, Gautam
245 _aA city within the city
260 _c1985
300 _a25-30
362 _aAug.
650 _aArchitecture. Residential - India
773 _aSeminar
909 _a3990
999 _c3990
_d3990